| 000 | 00723nam a22002177a 4500 | ||
|---|---|---|---|
| 999 |
_c19646 _d19646 |
||
| 003 | AR-CdUCM | ||
| 008 | 190518b ||||| |||| 00| 0 spa d | ||
| 020 | _a968-16-1701-0 | ||
| 040 |
_aMUNICIPALIDAD PROVINCIAL DEL CUSCO _cBIBLIOTECA MUNICIPAL DEL CUSCO |
||
| 082 |
_a396 / _bC29 |
||
| 100 |
_aCastellanos, Rosario _94323 |
||
| 245 |
_aJuicios y sumarios : _bI Ensayos sobre literatura / |
||
| 260 |
_aMéxico : _bOlimpia, _c1984. |
||
| 300 |
_a215 páginas ; _c22 cm. |
||
| 505 | _aContenido: La fascinante economía de Tenochtitlan -- Asedio a Sor Juana -- Otra ves Sor Juana ... | ||
| 650 |
_aEnsayo _9274 |
||
| 650 |
_aLiteratura _983 |
||
| 650 |
_aSiglo XX _98 |
||
| 942 |
_2ddc _cLIBROS |
||
| 945 |
_arah _d2019-05-18 |
||